[Event "Cairo Al Ain op"]
[Site "Cairo"]
[Date "2023.11.28"]
[Round "3"]
[White "Daod, Ayman"]
[Black "Yousry, Salah"]
[Result "0-1"]
[WhiteElo "1765"]
[BlackElo "2140"]
[PlyCount "78"]
[EventDate "2023.11.27"]
[EventType "swiss"]
[EventRounds "10"]
[EventCountry "EGY"]
[SourceTitle "CB49_2023"]
[SourceDate "2023.12.06"]
[SourceVersion "1"]
[SourceVersionDate "2023.12.06"]
[SourceQuality "1"]

1. d4 d5 2. Nf3 Nf6 3. e3 c6 4. c4 Bf5 5. Nc3 e6 6. Be2 Be7 7. 0-0 h6 8. cxd5 exd5 9. a3 0-0 10. Ne5 Nbd7 11. f4 Ne4 12. Nxe4 Bxe4 13. Bd3 Nxe5 14. fxe5 f5 15. Bxe4 fxe4 16. Bd2 Rxf1+ 17. Qxf1 Qb6 18. b4 Rf8 19. Qe2 a5 20. Qg4 Kh8 21. Qe6 Bg5 22. Qd6 Kg8 23. Qc5 Qa6 24. b5 Qxb5 25. Qxb5 cxb5 26. Rc1 b6 27. Rc6 Rb8 28. Kf2 Be7 29. Bc1 b4 30. Rc7 bxa3 31. Rxe7 a2 32. Bb2 Rc8 33. e6 Rc2+ 34. Kg3 Rxb2 35. Re8+ Kh7 36. e7 a1Q 37. Rh8+ Kxh8 38. e8Q+ Kh7 39. Qe6 Qf1 0-1

[Event "Golden Cleopatra op"]
[Site "Cairo"]
[Date "2016.12.13"]
[Round "1"]
[White "Yousry, Salah"]
[Black "Daod, Ayman"]
[Result "1-0"]
[WhiteElo "2319"]
[BlackElo "1720"]
[PlyCount "63"]
[EventDate "2016.12.13"]
[EventType "swiss"]
[EventRounds "10"]
[EventCountry "EGY"]
[SourceTitle "CBM 176 Extra"]
[Source "ChessBase"]
[SourceDate "2017.03.02"]
[SourceVersion "1"]
[SourceVersionDate "2017.03.02"]
[SourceQuality "1"]

1. e4 d6 2. d4 Nd7 3. Nf3 c5 4. Bc4 e6 5. 0-0 Be7 6. Nc3 a6 7. a4 cxd4 8. Nxd4 Ne5 9. Be2 Nf6 10. a5 0-0 11. f4 Nc6 12. Nb3 b5 13. axb6 Qxb6+ 14. Kh1 Bb7 15. Qe1 Rfc8 16. Bd3 e5 17. Be3 Qc7 18. Nd5 Nxd5 19. exd5 exf4 20. dxc6 Qxc6 21. Qe2 fxe3 22. Na5 Qc7 23. Nxb7 Qxb7 24. Bxh7+ Kf8 25. Qxe3 Bf6 26. Rxf6 gxf6 27. Qh6+ Ke7 28. Re1+ Kd7 29. Qxf6 Qb4 30. Re7+ Kc6 31. Be4+ Kb6 32. Rb7+ 1-0